000 00611nam a22002057a 4500
003 UA-OsUOA
001 40994
007 ta
008 20080709b un ||||| |||| 00| 0 ukr d
090 _a050
_bС25
942 _cNP
040 _aUA-OsUOA
_bukr
_cUA-OsUOA
_dUA-OsUOA
245 _aСвобода
955 _a1
041 _aukr
080 _a050
310 _a2008: число 24, 13 червня
650 7 _a050 Серійні публікації. Періодика галузі, Організація та інші типи поєднання (співробітництва)
_2UDC
999 _c439497
_d439497